Play & Learn Gymnastics/ (Record no. 84987)

MARC details
000 -LEADER
fixed length control field 00654nam a22001937a 4500
005 - DATE AND TIME OF LATEST TRANSACTION
control field 20140610131147.0
010 ## - LCCN (DPL NO)
LC control number B-504803
020 ## - INTERNATIONAL STANDARD BOOK NUMBER
International Standard Book Number 9788175241454
Terms of availability 150.00
035 ## - SYSTEM CONTROL NUMBER
System control number B-504803
037 ## - SOURCE OF ACQUISITION
Stock number dpl
Source of stock number/acquisition K.K.Pub/Ven
082 ## - DEWEY DECIMAL CLASSIFICATION NUMBER
Classification number 796.44
100 ## - MAIN ENTRY--PERSONAL NAME
Personal name Jain, Rachna
245 ## - TITLE STATEMENT
Title Play & Learn Gymnastics/
Remainder of title edited & complied by Rachna Jain
260 ## - PUBLICATION, DISTRIBUTION, ETC. (IMPRINT)
Place of publication, distribution, etc New Delhi
Name of publisher, distributor, etc Khel Sahitya Kendra
Date of publication, distribution, etc 2012
270 ## - ADDRESS
Address 7/26, Ansari Road, Darya Ganj
City New Delhi
Postal code 110002
300 ## - PHYSICAL DESCRIPTION
Extent 108p.:
Other physical details ill
Dimensions 20cm(Hb)
942 ## - ADDED ENTRY ELEMENTS (KOHA)
Source of classification or shelving scheme Dewey Decimal Classification
Item type English Books
Classification part 796.44
Call number suffix JAI
Holdings
Withdrawn status Lost status Not for loan Collection code Home library Current library Date acquired Source of acquisition Cost, normal purchase price Full call number Barcode Copy number Cost, replacement price Koha item type
      Non-fiction Central Library Central Library 10/06/2014 K.K.Pub/BL2983/11.03.2013/172/11.03.2013/20.03.2013 150.00 796.44 JAI B-504803 1 150.00 English Books

© Delhi Public Library
Hit Counter
free hit counter